000 00767nam a2200301Ia 4500
001 6018
003 IT-RoPAU
008 130308s9999 xx 000 0 und d
040 _aIT-RoPAU
040 _cIT-RoPAU
041 _aITALIANO
100 _aBruno Edoardo
100 _gCodice Aut. SPICS: 8742
245 _aStoria immortale
245 _bFilm di Orson Welles (I)
250 _a1a ed.
260 _aMODENA
260 _bComune Di Modena
260 _c1977 [1° Ed.:1977 - Ed.Ling.Originale:1977]
300 _a"2 p. (prefazione: no ; testo: 2 [pagine: 24-25])"
500 _aScheda Filmografica
650 _aAUTORI/OPERE DEL CINEMA
650 _eCodice materia Spics: 6807
942 _cBK
957 _71
999 _c53205
_d53205
999 _bSI
999 _g1